|
|
|
|
| LEADER |
01849cas a2200241 a 4500 |
| 001 |
AALejournalIMF011239 |
| 008 |
230101c9999 xx r poo 0 0eng d |
| 020 |
|
|
|c 5.00 USD
|
| 020 |
|
|
|z 9781462309283
|
| 022 |
|
|
|a 1018-5941
|
| 040 |
|
|
|a BD-DhAAL
|c BD-DhAAL
|
| 100 |
1 |
|
|a Zake, Justin.
|
| 245 |
1 |
0 |
|a Customs Administration Reform and Modernization in anglophone Africa :
|b Early 1990's to Mid-2010 /
|c Justin Zake.
|
| 264 |
|
1 |
|a Washington, D.C. :
|b International Monetary Fund,
|c 2011.
|
| 300 |
|
|
|a 1 online resource (45 pages)
|
| 490 |
1 |
|
|a IMF Working Papers
|
| 500 |
|
|
|a <strong>Off-Campus Access:</strong> No User ID or Password Required
|
| 500 |
|
|
|a <strong>On-Campus Access:</strong> No User ID or Password Required
|
| 506 |
|
|
|a Electronic access restricted to authorized BRAC University faculty, staff and students
|
| 520 |
3 |
|
|a Anglophone African countries have been implementing reform and modernization initiatives in their Customs administrations. This paper outlines the progression of key reform and modernization initiatives in these countries since the early 1990s, and assesses the gap between these reforms and those of more modern Customs agencies. The review suggests that Customs administration reform and modernization initiatives in Anglophone African countries generally lag behind international good practice and it is necessary to speed up implementation if revenue, trade facilitation, and trade chain security objectives are to be achieved. The findings also have implications on the design of reform programs and focus of potential technical assistance for the outstanding reform agenda.
|
| 538 |
|
|
|a Mode of access: Internet
|
| 830 |
|
0 |
|a IMF Working Papers; Working Paper ;
|v No. 2011/184
|
| 856 |
4 |
0 |
|z Full text available on IMF
|u http://elibrary.imf.org/view/journals/001/2011/184/001.2011.issue-184-en.xml
|z IMF e-Library
|